000 00768nam a2200253Ia 4500
003 OSt
005 20220926012112.0
006 a|||||r|||| 00| 0
007 ta
008 220923b |||||||| |||| 00| 0 eng d
037 _cGeneral Book
040 _aRTL
_cRTL
_beng
041 _2eng
_aeng
082 _aT4:7(W).53.N6, L0
100 _aFields A Belden
_9315509
245 0 _aStudent politics in France
_b A study of the Union
260 _aNew York
_bBasic Book U S A
_c1970
300 _aviii,198p.
_ccm.
490 _aStudient Movements, Past And Present
500 _aBib p. 180-88; Glossary: P 177-79
650 _aUniversity - Education
942 _hT4:7(W).53.N6, L0
_cGB
_2CC
999 _c621694
_d621694